00801nam a2200241 i 4500001000700000003000900007005001700016007000300033008004100036020001800077080001100095080001000106080001500116100002900131245006000160260005200220300002600272490004000298830004800338852003300386999001900419952012100438133905ES-MaACL20230906194546.0t|070903s1987 xxu ||||1| eng d a0-674-45970-9 a301.01 a17.01 a231.75:3011 aWalzer, Michael.911603410aInterpretation and social criticism / cMichael Walzer. aCambridge : bHarvard University Press, c1987. aVII, 96 p. ; c22 cm.1 aThe Tanner lectures on human values0 aThe Tanner lectures on human values9219799 aES-MaACLjG-10844 bR.114451 c133905d133905 00104070aATENEOMbATENEOMcSPP3d2008-01-17eSCl0oG-10844p1139388r2023-02-23 00:00:00w2023-02-23yMONOGRAFIA